Italy : Report on the Observance of Standards and Codes on FATF Recommendations for Anti-Money Laundering and Combating the Financing of Terrorism (AML/CFT).

This paper provides a summary of the anti-money laundering/combating the financing of terrorism (AML/CFT) measures in place in Italy and of the level of compliance with the Financial Action Task Force 40 (FATF 40) recommendations and the level of effectiveness, and contains recommendations on how th...

Descripció completa

Dades bibliogràfiques
Autor corporatiu: International Monetary Fund. Legal Dept
Format: Revista
Idioma:English
Publicat: Washington, D.C. : International Monetary Fund, 2016.
Col·lecció:IMF Staff Country Reports; Country Report ; No. 2016/044
Matèries:
Accés en línia:Full text available on IMF
LEADER 01878cas a2200253 a 4500
001 AALejournalIMF016608
008 230101c9999 xx r poo 0 0eng d
020 |c 5.00 USD 
020 |z 9781498315661 
022 |a 1934-7685 
040 |a BD-DhAAL  |c BD-DhAAL 
110 2 |a International Monetary Fund.  |b Legal Dept. 
245 1 0 |a Italy :   |b Report on the Observance of Standards and Codes on FATF Recommendations for Anti-Money Laundering and Combating the Financing of Terrorism (AML/CFT). 
264 1 |a Washington, D.C. :  |b International Monetary Fund,  |c 2016. 
300 |a 1 online resource (13 pages) 
490 1 |a IMF Staff Country Reports 
500 |a <strong>Off-Campus Access:</strong> No User ID or Password Required 
500 |a <strong>On-Campus Access:</strong> No User ID or Password Required 
506 |a Electronic access restricted to authorized BRAC University faculty, staff and students 
520 3 |a This paper provides a summary of the anti-money laundering/combating the financing of terrorism (AML/CFT) measures in place in Italy and of the level of compliance with the Financial Action Task Force 40 (FATF 40) recommendations and the level of effectiveness, and contains recommendations on how the AML/CFT system could be strengthened. The assessment is based on the information available at the time of the mission from January 14-30, 2015, and other verifiable information subsequently provided by the authorities. It was conducted using the 2013 assessment methodology. The Detailed Assessment Report on which this document is based was adopted by the FATF Plenary on October 22, 2015. 
538 |a Mode of access: Internet 
651 7 |a Italy  |2 imf 
830 0 |a IMF Staff Country Reports; Country Report ;  |v No. 2016/044 
856 4 0 |z Full text available on IMF  |u http://elibrary.imf.org/view/journals/002/2016/044/002.2016.issue-044-en.xml  |z IMF e-Library